000 00456nam a2200121Ia 4500
008 160809s9999 xx 000 0 und d
100 _aHuang, Mei-Ching.
245 _aLoss and extremeness aversion: studying the influence of temporal distance
245 _cMei-Ching Huang, Pei-Hsun Wu, Chia-Hsun Lin, Yu-Wen Chen.
260 _bJournal of Management and Marketing Research
650 _xMARKETING
856 _uhttp://www.aabri.com/manuscripts/162383.pdf
999 _c300147
_d300147